| 000 | 00575nam a22001937a 4500 | ||
|---|---|---|---|
| 003 | OSt | ||
| 005 | 20260119005300.0 | ||
| 008 | 260119b |||||||| |||| 00| 0 eng d | ||
| 020 | _a0-7674-2033-0 | ||
| 040 |
_aDWC-Main lib _cOC |
||
| 082 | _aCirc. 160 L427 2002 | ||
| 100 | _aLayman, S. | ||
| 245 |
_aThe power of logic _cLayman, Stephen C. |
||
| 260 |
_aBoston : _bMcGraw-Hill, _cc2002. |
||
| 300 |
_aix, 592 pages ; _c24 cm. |
||
| 504 | _aIncludes index | ||
| 650 | _2Logic | ||
| 942 |
_2ddc _cBK-CIRC _hCirc. 160 L427 2002 _kCirc. _n0 |
||
| 999 |
_c7505 _d7505 |
||